TH-MS-Is Sphingosine 1-phosphate (S1P) produced by Sphingosine Kinase 2 ( SphK2); Important for learning and Memory? (Record no. 480740)
[ view plain ]
| 000 -LEADER | |
|---|---|
| fixed length control field | 00659nam a22001937a 4500 |
| 003 - CONTROL NUMBER IDENTIFIER | |
| control field | ASAB |
| 005 - DATE AND TIME OF LATEST TRANSACTION | |
| control field | 20180827062813.0 |
| 008 - FIXED-LENGTH DATA ELEMENTS--GENERAL INFORMATION | |
| fixed length control field | 180301t xxu||||| |||| 00| 0 eng d |
| 040 ## - CATALOGING SOURCE | |
| Transcribing agency | ASAB |
| 082 ## - DEWEY DECIMAL CLASSIFICATION NUMBER | |
| Classification number | Thesis 2016 AS |
| 100 ## - MAIN ENTRY--PERSONAL NAME | |
| Personal name | Adeena Shafique-sup-Dr. Saadia Zahid |
| 9 (RLIN) | 3541 |
| 245 ## - TITLE STATEMENT | |
| Title | TH-MS-Is Sphingosine 1-phosphate (S1P) produced by Sphingosine Kinase 2 ( SphK2); Important for learning and Memory? |
| Statement of responsibility, etc. | Adeena Shafique-sup-Dr. Saadia Zahid |
| 250 ## - EDITION STATEMENT | |
| Edition statement | 2016 |
| 260 ## - PUBLICATION, DISTRIBUTION, ETC. | |
| Place of publication, distribution, etc. | Islamabad. |
| Name of publisher, distributor, etc. | ASAB Nust Islamabad. |
| Date of publication, distribution, etc. | 2016 |
| 300 ## - PHYSICAL DESCRIPTION | |
| Extent | 45 P. |
| 630 ## - SUBJECT ADDED ENTRY--UNIFORM TITLE | |
| Uniform title | sphingosine kinase 2 SphK2 |
| 9 (RLIN) | 3542 |
| 630 ## - SUBJECT ADDED ENTRY--UNIFORM TITLE | |
| Uniform title | sphingosine 1-phosphate S1P |
| 9 (RLIN) | 3543 |
| 942 ## - ADDED ENTRY ELEMENTS (KOHA) | |
| Source of classification or shelving scheme | |
| Koha item type | |
| Withdrawn status | Lost status | Source of classification or shelving scheme | Damaged status | Not for loan | Permanent Location | Current Location | Date acquired | Total Checkouts | Full call number | Barcode | Date last seen | Price effective from | Koha item type | Shelving location |
|---|---|---|---|---|---|---|---|---|---|---|---|---|---|---|
| Atta-ur-Rahman School of Applied Biosciences (ASAB) | Atta-ur-Rahman School of Applied Biosciences (ASAB) | 03/01/2018 | Thesis 2016 AS | ASABMS-24-16 | 03/01/2018 | 03/01/2018 | ||||||||
| Central Library (CL) | Central Library (CL) | 01/21/2020 | 570.5 | CL-T-4655 | 01/21/2020 | 01/21/2020 | Thesis | Thesis |
